Access all areas (Record no. 77595)

MARC details
000 -LEADER
fixed length control field 01173cab a2200205 4500
001 - CONTROL NUMBER
control field ##L134621
008 - FIXED-LENGTH DATA ELEMENTS--GENERAL INFORMATION
fixed length control field 060818n2006 000 0 eng u
035 ## - SYSTEM CONTROL NUMBER
System control number (Sirsi) u134621
041 0# - LANGUAGE CODE
Language code of text/sound track or separate title eng
100 1# - MAIN ENTRY--PERSONAL NAME
Personal name Russell-Croucher, Martin
245 00 - TITLE STATEMENT
Title Access all areas
260 ## - PUBLICATION, DISTRIBUTION, ETC.
Date of publication, distribution, etc. 2006
490 #0 - SERIES STATEMENT
Series statement RICS Building Surveying Faculty The Journal
Volume/sequential designation July 2006, 12(1)
520 ## - SUMMARY, ETC.
Summary, etc. RICS has launched an Inclusive Environment Consultants Scheme, that will provide a register of qualified consultants able to advise on inclusive environmental strategies. Membership will be based on professional entry criteria and an assessment process involving specialist training courses, examinations, practical experience and an interview. The process will be managed and assessed by the Royal Society for the Promotion of Health. Once on the register, consultants will be able to understand the needs of the range of disabled people who require access to buildings.
590 ## - LOCAL NOTE (RLIN)
Local note IKA220806
650 24 - SUBJECT ADDED ENTRY--TOPICAL TERM
Topical term or geographic name entry element DISABILITY DISCRIMINATION ACT 1995
651 #4 - SUBJECT ADDED ENTRY--GEOGRAPHIC NAME
Geographic name United Kingdom
Chronological subdivision
690 ## - LOCAL SUBJECT ADDED ENTRY--TOPICAL TERM (OCLC, RLIN)
Topical term or geographic name as entry element MANAGEMENT-BUSINESS MANAGEMENT-DISCRIMINATION-DISABILITY DISCRIMINATION-ACCESSIBILITY
942 ## - ADDED ENTRY ELEMENTS (KOHA)
Suppress in OPAC 0
Holdings
Withdrawn status Lost status Source of classification or shelving scheme Damaged status Not for loan Home library Current library Shelving location Date acquired Total Checkouts Full call number Barcode Date last seen Copy number Price effective from Koha item type
    Dewey Decimal Classification     London London Journal article 18/08/2006   L134621 134621-1001 06/08/2019 1 06/08/2019 Journal article